El Museo Oceanográfico de Mónaco y los trabajos en él realizados en 1910 / (Record no. 181161)
[ view plain ]
| 000 -LEADER | |
|---|---|
| campo de control de longitud fija | 00969nam a22002051i 4500 |
| 001 - NÚMERO DE CONTROL | |
| campo de control | 181161 |
| 003 - IDENTIFICADOR DE NÚMERO DE CONTROL | |
| campo de control | ES-MaACL |
| 005 - FECHA Y HORA DE LA ÚLTIMA TRANSACCIÓN | |
| campo de control | 20230906221304.0 |
| 008 - DATOS DE LONGITUD FIJA--INFORMACIÓN GENERAL | |
| campo de control de longitud fija | 121025s1911 sp |||| | spa d |
| 100 1# - ENTRADA PRINCIPAL--NOMBRE DE PERSONA | |
| Nombre de persona | Buen y Lozano, Rafael de. |
| 9 (RLIN) | 32359 |
| 245 13 - MENCIÓN DEL TÍTULO | |
| Título | El Museo Oceanográfico de Mónaco y los trabajos en él realizados en 1910 / |
| Mención de responsabilidad, etc. | por Rafael de Buen y Lozano. |
| 260 ## - PUBLICACIÓN, DISTRIBUCIÓN, ETC. | |
| Lugar de publicación, distribución, etc. | [Madrid : |
| Nombre del editor, distribuidor, etc. | Junta para Amplicación de Estudios e Investigaciones Científicas, |
| Fecha de publicación, distribución, etc. | 1911] |
| 300 ## - DESCRIPCIÓN FÍSICA | |
| Extensión | P. 213-246, [4] h. de lám. : |
| Otras características físicas | il. ; |
| Dimensiones | 24 cm. |
| 490 1# - MENCIÓN DE SERIE | |
| Mención de serie | Anales de la Junta para Ampliación de Estudios e Investigaciones Científicas ; |
| Designación de volumen o secuencia | t. 5, memoria 5 |
| 610 24 - PUNTO DE ACCESO ADICIONAL DE MATERIA--NOMBRE DE ENTIDAD CORPORATIVA | |
| Nombre de entidad corporativa o nombre de jurisdicción como elemento de entrada | Museo Oceanográfico de Mónaco. |
| 9 (RLIN) | 151727 |
| 710 2# - ENTRADA AGREGADA--NOMBRE DE ENTIDAD CORPORATIVA | |
| Nombre de entidad corporativa o nombre de jurisdicción como elemento de entrada | Junta para la Ampliación de Estudios e Investigaciones Científicas. |
| 9 (RLIN) | 5413 |
| 830 0# - PUNTO DE ACCESO ADICIONAL DE SERIE-TÍTULO UNIFORME | |
| Título uniforme | Anales de la Junta para Ampliación de Estudios e Investigaciones Científicas ; |
| Designación de volumen o secuencia | t. 5, memoria 5 |
| 9 (RLIN) | 186710 |
| 852 ## - LOCALIZACIÓN | |
| Ubicación | ES-MaACL |
| Número de control de estantería | B-13161(5) |
| Estatus retirado | Estado de pérdida | Estado de daño | No para préstamo | Biblioteca de origen | Biblioteca actual | Ubicación en estantería | Fecha de adquisición | Fuente de adquisición | Total de préstamos | Signatura topográfica completa | Código de barras | Visto por última vez | Precio de reemplazo | Tipo de ítem Koha |
|---|---|---|---|---|---|---|---|---|---|---|---|---|---|---|
| Biblioteca del Ateneo de Madrid | Biblioteca del Ateneo de Madrid | Sala Pardo Bazán | 25/10/2012 | B-13161(5) | 1190373 | 23/02/2023 | 23/02/2023 | Libro impreso |
